| 000 | 00405nam a22001457a 4500 | ||
|---|---|---|---|
| 999 |
_c7674 _d7674 |
||
| 008 | 190225b ||||| |||| 00| 0 eng d | ||
| 020 | _a9789388266765 | ||
| 082 | _a336.2 S62s 2018 | ||
| 100 | _aSinghania, Vinod K. | ||
| 245 | _aStudents`s guide to income tax including GST. | ||
| 250 | _a60th ed. | ||
| 260 |
_aNew Delhi ; _bTaxmann Publications, _c2018. |
||
| 300 |
_avii, 919 p. _c28 cm. |
||
| 942 | _2ddc | ||